[Event "RUS-Cup4"]
[Site "Perm"]
[Date "1997.??.??"]
[Round "3"]
[White "Balashov, Yuri S"]
[Black "Ikonnikov, Dmitrij"]
[Result "1-0"]
[WhiteElo "2510"]
[BlackElo "2435"]
[Annotator "Liss,E"]
[PlyCount "71"]
[EventDate "1997.02.02"]
[EventType "swiss"]
[EventRounds "9"]
[EventCountry "RUS"]
[SourceTitle "CBM 058"]
[Source "ChessBase"]
[SourceDate "1997.06.01"]
[SourceVersion "1"]
[SourceVersionDate "1997.06.01"]
[SourceQuality "1"]

1. e4 c5 2. Nc3 Nc6 3. Nf3 e5 4. Bc4 Be7 5. d3 Nf6 6. Nd2 d6 7. Nf1 a6 (7...
Be6 8. Ne3 O-O 9. O-O Nd4 10. a4 a6 11. Ncd5 Nxd5 12. Bxd5 Rb8 $14 {
Gelfand-Kramnik, Sanghi Nagar WCH match 1994}) 8. a4 Bg4 9. f3 Be6 10. Ne3 Nb4
11. Qe2 (11. O-O O-O 12. Qe2 {transposes to the game}) 11... O-O 12. O-O Re8
13. b3 (13. Bd2 Rb8 14. a5 $5 Nc6 15. Ncd5 Nxd5 16. Nxd5 Nd4 17. Qd1 Bg5 18. c3
(18. Be1 $5 {intending g3, f4}) 18... Bxd2 19. Qxd2 Nc6 20. b4 cxb4 21. cxb4 b5
$1 $14 {Emms-Carlier, Cappele op 1993}) 13... Bf8 (13... d5 14. exd5 Nbxd5 15.
Nexd5 Nxd5 16. Bxd5 (16. Nxd5 Bxd5 17. Bb2 $14) 16... Bxd5 17. Qxe5 Bc6 $5 $36
(17... Bf6 18. Qxd5 Qxd5 (18... Bd4+ 19. Kh1 Bxc3 $1 20. Qxd8 Raxd8 21. Ra2 Re2
$17) 19. Nxd5 Bxa1 20. Nc7 Bd4+ 21. Kh1 Rac8 (21... Bc3 $5 22. Nxa8 Rxa8 23.
Be3 Re8 (23... b6 $2 24. Kg1) 24. Bxc5 Re2 25. Rd1 Rxc2 26. d4 Rb2 27. d5 Rxb3
28. d6 Bf6 29. d7 Bd8 30. Be7 $18) 22. Nxe8 Rxe8 23. Bd2 Re2 24. Re1 $1 $18))
14. Bb2 Nh5 $6 {allowing white to take over the d5 square gives white the
advantage} (14... d5 15. exd5 Nbxd5 16. Ncxd5 Nxd5 17. Nxd5 Bxd5 18. a5 $14)
15. g3 g6 16. Ncd5 Nc6 17. f4 exf4 {otherwise white plays f5.} 18. gxf4 Nd4 19.
Qg2 Bg7 20. c3 Bxd5 (20... Nc6 21. f5 Bd7 (21... Bxd5 {transposes to the game})
22. fxg6 hxg6 23. Rxf7 $1 Kxf7 24. Nf4+ $18) 21. Nxd5 Nc6 22. f5 $40 Ne5 23.
Bc1 {adding the bishop to the attack. white's knight on d5 makes the
difference.} Nxc4 24. bxc4 Re5 25. Bg5 Qa5 (25... f6 26. Bd2 Kf7 27. Kh1 {
black is hopeless}) 26. Qf3 (26. Rab1 $5 Rb8 27. Ne7+ Kh8 28. Nc6 $18) 26...
Rxd5 {trying to create counterplay but it's too late} 27. exd5 Qxc3 28. Rae1
Bd4+ 29. Kh1 f6 30. Bh6 Be5 31. Rg1 Kh8 32. Re2 (32. fxg6 {was also winning})
32... Rg8 33. Reg2 Bd4 34. Qxh5 $1 Bxg1 35. fxg6 hxg6 36. Bg7+ $1 1-0

[Event "Czerniak Memorial 13th"]
[Site "Tel Aviv"]
[Date "1997.??.??"]
[Round "3"]
[White "Krayz, Alexander"]
[Black "Kogan, Artur"]
[Result "1-0"]
[WhiteElo "2375"]
[BlackElo "2515"]
[Annotator "Liss,E"]
[PlyCount "79"]
[EventDate "1997.04.04"]
[EventType "tourn"]
[EventRounds "11"]
[EventCountry "ISR"]
[EventCategory "10"]
[SourceTitle "CBM 059"]
[Source "ChessBase"]
[SourceDate "1997.08.01"]
[SourceVersion "1"]
[SourceVersionDate "1997.08.01"]
[SourceQuality "1"]

1. e4 c5 2. Nf3 Nc6 3. Bb5 e5 4. O-O Nge7 5. c3 a6 (5... Qb6 6. Na3 Ng6 7. d3
a6 8. Bc4 Be7 9. Bd5 d6 10. Nc4 Qd8 11. a4 h6 12. a5 O-O 13. Qb3 Bg5 14. Bxg5
hxg5 15. Nb6 Rb8 16. Nxc8 $16 {Kroeze-Bark, Ned 1996}) (5... g6 6. d4 cxd4 7.
cxd4 exd4 8. Nxd4 Bg7 9. Be3 O-O 10. Nc3 d5 $11 {Zarnicki-Agmaliev,paranagua
1993}) 6. Ba4 b5 7. Bb3 c4 $6 {Black should think twicw before such a move} 8.
Bc2 Ng6 9. d3 cxd3 10. Qxd3 Be7 11. Bb3 {White is alreay better} O-O 12. Be3 d6
13. Bd5 Qc7 14. a4 Rb8 15. axb5 axb5 16. Na3 b4 17. Nb5 Qd7 (17... Qb7 18. Ra7
$1 Qxb5 19. c4 $18) 18. Na7 Nxa7 (18... Bb7 19. Nxc6 Bxc6 20. Ra7 Rb7 21. Rxb7
Qxb7 22. Bxc6 Qxc6 23. cxb4 Rb8 24. Rc1 Qb7 25. Rc4 $16) (18... Nd8 19. Nxc8
Qxc8 20. cxb4 Rxb4 21. Rfc1 $16) 19. Rxa7 Qg4 20. cxb4 Kh8 $2 {Black is going
to be sorry for his optimism.} 21. Rc1 f5 (21... Rxb4 22. Qa3 $1 Rxe4 (22...
Rb8 23. Rcc7) 23. h3 $1 Qf5 24. Bxe4 Qxe4 25. Rxe7 Nxe7 26. Qxd6 Ng6 (26... Re8
27. Qxe7 Rxe7 28. Rxc8+ Re8 29. Rxe8#) (26... Qb7 27. Rc7 $18) 27. Qxf8+ $1
Nxf8 28. Rxc8 {and now it's clear why 23.h3} Kg8 29. Bc5 $18) 22. h3 Qh5 23.
Rxc8 $3 {out of the blue comes this knockout and the game's over!} Rbxc8 (23...
Rfxc8 24. exf5 $18) 24. exf5 Qxf5 (24... Rxf5 25. g4 $18) (24... Nf4 25. Bxf4
exf4 26. Rxe7 $18) 25. Qxf5 Rxf5 26. Be6 Rff8 (26... Rcf8 27. Bxf5 Rxf5 28. b5
Rf8 29. b6 Rb8 30. b7 Nf8 31. Bb6 Ne6 32. Ra8 $18) (26... Rxf3 27. Bxc8 Rf8 28.
Bb7 $18) 27. Bxc8 Rxc8 28. b5 Bf8 (28... Rb8 29. b6 Bd8 30. b7 Ne7 31. Ng5 $1
Nc6 32. Nf7+ Kg8 33. Nxd8 Nxa7 34. Bxa7 $18) 29. b6 d5 30. b7 Rb8 31. Bb6 Bd6
32. Ra8 Nf8 33. Bc5 Bc7 34. Bxf8 Kg8 35. Bc5 Kf7 36. Ng5+ Kf6 37. Nxh7+ Kf7 38.
Rxb8 Bxb8 39. Ng5+ Kf6 40. f4 1-0

[Event "RUS-chT 04th"]
[Site "Azov"]
[Date "1996.??.??"]
[Round "5"]
[White "Eismont, Oleg"]
[Black "Filipenko, Alexander V"]
[Result "1-0"]
[WhiteElo "2450"]
[BlackElo "2430"]
[Annotator "Makarichev,S"]
[PlyCount "97"]
[EventDate "1996.??.??"]
[EventType "team-tourn"]
[EventRounds "7"]
[EventCountry "RUS"]
[SourceTitle "CBM 056 Extra"]
[Source "ChessBase"]
[SourceDate "1997.03.01"]
[SourceVersion "1"]
[SourceVersionDate "1997.03.01"]
[SourceQuality "1"]
[WhiteTeam "Noyabrsk Yamal"]
[BlackTeam "Kazan Sberbank-Tatarstan II"]
[WhiteTeamCountry "RUS"]
[BlackTeamCountry "RUS"]

1. e4 c5 2. Nf3 Nc6 3. Bb5 e6 4. O-O Nge7 5. Nc3 a6 6. Bxc6 Nxc6 7. d4 cxd4 8.
Nxd4 Qc7 9. Nxc6 bxc6 10. Qg4 d5 (10... d6 11. Kh1 h5 12. Qh4 Be7 13. Qg3 g5
14. f4 $40 {Zagrebelny,S-Kamsky,G/Barnaul/1988/}) (10... e5 11. Qg3 f6 12. f4
$14) 11. Re1 $1 {xd5} (11. Be3 dxe4 12. Qxe4 $14 {Vedder,H-Rogozenko,D/Europe
(chJ)/1993/}) 11... d4 12. Ne2 c5 13. Nf4 g6 {xg7} 14. Nd5 $3 exd5 $8 (14...
Qd8 $4 15. Bg5 $18) 15. exd5+ Be7 $8 (15... Kd8 $4 16. Bg5+ Be7 17. Qh4 Re8 (
17... Bxg5 18. Qxg5+ Kd7 19. Re7+) 18. Rxe7 Rxe7 19. Re1 Be6 20. dxe6 $18) 16.
Qh4 Be6 $8 (16... Kd8 $4 17. Rxe7 Qxe7 18. Bg5 $18) (16... Kf8 $4 17. Bh6+ $18)
(16... f6 $4 17. Bf4 $1 {/\d5-d6}) (16... h6 $4 17. Bg5 $5 hxg5 18. Qxh8+ Kd7
19. Rxe7+ Kxe7 20. Re1+ Kd6 21. Qe5+ Kd7 22. Qe7#) 17. Bg5 Bxg5 18. Qxg5 O-O
19. dxe6 $16 fxe6 20. Rxe6 Qf7 21. Re2 Rae8 22. Qd2 (22. Rae1 $4 Qxf2+ $1 23.
Rxf2 Rxe1+ 24. Rf1 Rexf1#) 22... Rxe2 23. Qxe2 c4 $1 $14 24. b3 $5 (24. Rf1 Rd8
25. Rd1 Qd5 $132) 24... d3 25. cxd3 cxb3 $1 (25... cxd3 26. Qxd3 $5 Qxf2+ 27.
Kh1 Qb2 28. Qd1 $5 Rf2 29. Rc1 $1 $36 Rxg2 $140 $4 30. Qd8+ Kg7 31. Rc7+ Kh6
32. Qh4#) 26. axb3 Qxb3 27. g3 Rd8 $14 28. d4 Qd5 29. Qxa6 Qxd4 30. h4 (30.
Qe6+ Kg7 31. Rb1 Rd7 32. Rb8 $2 Qd1+ 33. Kg2 Qd5+ $10) 30... Qd5 31. h5 $1 Kg7
(31... Qxh5 $4 32. Qe6+ Kf8 33. Qf6+ Ke8 34. Re1+ $18) (31... gxh5 32. Ra5 $16)
32. Qe2 {/\Qe2-e7} Rd7 33. Qe8 Rf7 (33... gxh5 $2 34. Ra8 $16) 34. hxg6 hxg6
35. Re1 Qd4 36. Qe2 Qf6 37. Qe3 Qf3 38. Qd4+ Qf6 39. Qe3 Qf3 40. Qd4+ Qf6 41.
Re5 $1 Kh7 42. f4 $16 Qc6 43. Kh2 Qd7 44. Qe4 Qb7 $4 (44... Qd2+ 45. Kh3 Qd7+
46. g4 $40) 45. Rh5+ $1 $18 Kg7 (45... Kg8 $2 46. Qxg6+) 46. Qd4+ Rf6 (46...
Kf8 47. Rh8+ Ke7 48. Qd8+ Ke6 49. Re8+ Re7 50. Rxe7+ Qxe7 51. Qxe7+ Kxe7 52.
Kh3 Kf6 53. Kg4 Kf7 54. Kg5 Kg7 55. g4 Kf7 56. Kh6 $18) 47. Rd5 Qb6 (47... Qc6
48. Rd7+ Kh6 49. g4 g5 50. Qd3 $18) 48. Rd7+ Kg8 (48... Kh6 49. Qe5 $1 Qf2+ 50.
Kh3 Qf1+ 51. Kg4 $18) 49. Qc4+ (49. Qc4+ Qe6 50. Qc8+ Rf8 51. Rg7+ $18) 1-0

[Event "RUS-chT 04th"]
[Site "Azov"]
[Date "1996.??.??"]
[Round "7"]
[White "Ulybin, Mikhail"]
[Black "Galliamova, Alisa"]
[Result "1-0"]
[WhiteElo "2550"]
[BlackElo "2475"]
[Annotator "Makarichev,S"]
[PlyCount "79"]
[EventDate "1996.??.??"]
[EventType "team-tourn"]
[EventRounds "7"]
[EventCountry "RUS"]
[SourceTitle "CBM 056 Extra"]
[Source "ChessBase"]
[SourceDate "1997.03.01"]
[SourceVersion "1"]
[SourceVersionDate "1997.03.01"]
[SourceQuality "1"]
[WhiteTeam "Ekaterinburg Agat"]
[BlackTeam "Kazan Sberbank-Tatarstan II"]
[WhiteTeamCountry "RUS"]
[BlackTeamCountry "RUS"]

1. e4 c5 2. Nf3 Nc6 3. Bb5 e6 4. O-O Nge7 5. Re1 a6 6. Bf1 d5 7. exd5 Qxd5 8.
Bd3 $5 {N/} g6 (8... Ng6 $5 9. Be4 Qd6 10. Na3 Be7 $1 (10... b5 $2 11. d4 Bb7 (
11... cxd4 $4 12. Nxd4 Bb7 13. Nxc6 $18) 12. d5 $16 O-O-O $2 13. dxc6 $1 Qxd1
14. cxb7+ Kb8 15. Bf4+ $18) 11. Nc4 Qc7 $13) 9. b4 $1 cxb4 $6 (9... Bg7 $142 $1
10. Nc3 Bxc3 $1 $8 (10... Qd6 $2 11. Bb2 $18 O-O $140 (11... cxb4 $140 12. Ne4)
12. Ne4) (10... Qd8 $2 11. bxc5 $16) 11. dxc3 (11. Be4 $2 Bxa1 $1) 11... c4 $1
$8 12. Be4 $1 (12. Be2 Qxd1 13. Rxd1 b5 (13... Nd5 $2 14. Bxc4 Nxc3 15. Re1 $1
$16 {/\Bc1-b2} (15. Rd3 $2 Ne2+ $1)) 14. a4 Bb7 $132 15. axb5 (15. Bg5 $5 Nd5
16. Ra3 f6 $13) 15... axb5 16. Rxa8+ Bxa8 17. Nd4 Nxd4 18. cxd4 $13 {xd5,c3,b4}
) 12... Qxd1 13. Rxd1 f5 {xd5} (13... O-O $6 14. Bh6 Re8 15. a4 Nf5 16. Bg5 $16
) 14. Bxc6+ Nxc6 15. Bf4 $14) 10. Bb2 Rg8 11. a3 $1 $16 Bg7 (11... bxa3 12.
Nxa3 Bg7 13. Be4 $1 (13. Bxg7 Rxg7 14. Nc4 Qc5 $13) 13... Qd8 14. Bxg7 Rxg7 15.
d4 Kf8 16. c4 $1 $16) 12. Bxg7 Rxg7 13. axb4 Nxb4 14. Be4 Qd6 15. d4 $1 Rb8 (
15... f5 16. Bd3 Nxd3 17. Qxd3 Nc6 18. Na3 $16 {/\Na3-c4-e5}) 16. c3 Nbc6 (
16... Nbd5 $2 17. c4) 17. c4 $16 Kf8 18. Nc3 f6 19. Bc2 $1 {/\Nc3-e4} Nf5 20.
d5 $5 Nb4 21. Ne4 Qd8 22. Qd2 $1 (22. Bb3 $16) 22... Nxc2 23. Qxc2 e5 (23...
exd5 24. cxd5 $16 {xf6}) 24. c5 g5 $1 $8 25. Rab1 $1 g4 26. Nfd2 Qxd5 (26...
Nd4 27. Qc4 b5 28. Qa2 Bb7 29. Nd6 $18) 27. Nxf6 Qf7 28. Nfe4 $5 {xf3} (28.
Nde4 Nd4 29. Qd2 Bf5 $5 $16 (29... Nf3+ $6 30. gxf3 gxf3+ 31. Kh1 Bh3 32. Rg1
Rxg1+ 33. Rxg1 Bg2+ 34. Rxg2 fxg2+ 35. Kg1 $18)) 28... Be6 (28... Nd4 29. Qc3
Nf3+ 30. gxf3 gxf3+ 31. Ng3 $18) 29. Qc3 Nd4 30. Nd6 Qh5 {/\Nd4-f3} 31. Kh1 $1
Kg8 32. Qg3 $1 {xe5} Nc6 33. N2e4 Kh8 34. Rb6 Qh6 35. Reb1 {/\Rb6xc6} Bd5 36.
Nc3 Qe6 (36... Be6 $2 37. Rxc6 $1) 37. Qd3 Nd4 38. Nxb7 $1 Qg8 (38... Rgxb7 $5
39. Rxe6 Rxb1+ 40. Nxb1 Bxe6 41. Nd2 $16) 39. Nd6 Rxb6 40. cxb6 {/\b6-b7} (40.
cxb6 Bb7 (40... Bc6 41. b7 Qb8 42. Qxa6 $18) 41. Nxb7 Rxb7 42. Qxa6 $18) 1-0

[Event "Olympiad-32"]
[Site "Yerevan"]
[Date "1996.09.20"]
[Round "5.3"]
[White "Iuldachev, Saidali"]
[Black "Arancibia Guzman, Eduardo"]
[Result "1-0"]
[WhiteElo "2515"]
[BlackElo "2340"]
[Annotator "Makarichev,S"]
[PlyCount "61"]
[EventDate "1996.09.15"]
[EventType "team-swiss"]
[EventRounds "14"]
[EventCountry "ARM"]
[SourceTitle "CBM 055"]
[Source "ChessBase"]
[SourceDate "1996.12.01"]
[SourceVersion "1"]
[SourceVersionDate "1996.12.01"]
[SourceQuality "1"]
[WhiteTeam "Uzbekistan"]
[BlackTeam "Chile"]
[WhiteTeamCountry "UZB"]
[BlackTeamCountry "CHI"]

1. e4 c5 2. Nc3 e6 3. Nf3 Nc6 4. Bb5 Nge7 5. O-O a6 6. Bxc6 Nxc6 7. d4 cxd4 8.
Nxd4 d6 (8... Qc7 $5) 9. Re1 Be7 10. Nxc6 bxc6 11. Qg4 O-O $2 (11... g6 $5 $13)
(11... Kf8 $5 $13) (11... g5 $5 $13) 12. Bh6 Bf6 13. e5 $1 dxe5 (13... Bxe5 $4
14. Rxe5 $18) 14. Rad1 Qe7 (14... Bd7 $5 15. Ne4 Ra7 16. Be3 (16. Re3 Kh8 $13 (
16... Qe7 $2 17. Rf3 $18)) 16... Rb7 (16... Rc7 17. Bb6 Be7 18. Nc5 $1 Bxc5 19.
Bxc5 Re8 20. Bb6 $18) 17. Nc5 Rc7 18. Nxa6 Rb7 19. Nc5 Rc7 20. Rd3 Qc8 (20...
Be7 21. Bh6 $18) 21. Ne4 Be7 22. Bh6 $18) 15. Ne4 Kh8 (15... Bb7 16. Rd7 $1 $18
) 16. Be3 Rg8 17. Bc5 Qe8 (17... Qc7 18. Bd6 Qb7 (18... Qb6 19. Nxf6 gxf6 20.
Qh4 Rg6 21. Rxe5 $1 (21. Be7 Kg7 $13) 21... fxe5 22. Bxe5+ f6 (22... Kg8 23.
Rd8+ $18) 23. Bxf6+ Kg8 24. Rd8+ Kf7 25. Bd4 $18) 19. Nxf6 gxf6 20. Qh4 Rg6 21.
Rxe5 $1 {/\Re5-h5/} fxe5 22. Bxe5+ f6 23. Bxf6+ Kg8 24. Rd8+ Kf7 25. Be5 $1 $18
{xf4,h7/}) 18. Nd6 Qf8 19. Qh5 g6 20. Qf3 Be7 (20... Qg7 {Barle,J-Beshukov,S/
Ljubljana op/1994/} 21. Qxc6 {1:0/}) 21. Nxf7+ Kg7 22. Bxe7 Qxe7 (22... Qxf7
23. Qxc6 Rb8 24. Bd6) 23. Nxe5 Rf8 24. Qxc6 Ra7 25. Qe4 Rc7 26. c4 Bb7 27. Qd4
Kg8 28. Qd6 Qg5 29. Qxe6+ Kh8 30. f3 Re7 31. Qxe7 $1 (31. Qxe7 Qxe7 32. Nxg6+
hxg6 33. Rxe7) 1-0

[Event "Olympiad-32"]
[Site "Yerevan"]
[Date "1996.09.19"]
[Round "4.3"]
[White "Grosar, Aljosa"]
[Black "Onischuk, Alexander"]
[Result "0-1"]
[WhiteElo "2485"]
[BlackElo "2605"]
[Annotator "Makarichev,S"]
[PlyCount "78"]
[EventDate "1996.09.15"]
[EventType "team-swiss"]
[EventRounds "14"]
[EventCountry "ARM"]
[SourceTitle "CBM 055"]
[Source "ChessBase"]
[SourceDate "1996.12.01"]
[SourceVersion "1"]
[SourceVersionDate "1996.12.01"]
[SourceQuality "1"]
[WhiteTeam "Slovenia"]
[BlackTeam "Ukraine"]
[WhiteTeamCountry "SLO"]
[BlackTeamCountry "UKR"]

1. e4 c5 2. Nf3 Nc6 3. Bb5 e6 4. O-O Nge7 5. Nc3 a6 6. Bxc6 Nxc6 7. d4 cxd4 8.
Nxd4 Qc7 9. Nxc6 bxc6 10. Re1 d6 11. Na4 Be7 12. c4 c5 13. Bf4 Bb7 14. Qg4 {N/}
(14. b3 $5 O-O 15. e5 Qc6 16. f3 d5 17. Rc1 d4 $13 {Prie,E-Rossiter,P/Oakham/
1994/}) 14... g5 $1 $40 (14... O-O $2 15. e5 $16) 15. Bd2 (15. Bxg5 $4 Rg8 $19)
15... h5 $1 16. Qg3 (16. Qe2 $5 $13) 16... h4 17. Qa3 (17. Qg4 Qc6 (17... O-O-O
$2 18. b4 $1 $40) 18. Nc3 Rg8 $15) 17... h3 $5 18. g3 g4 $1 $15 {xf3,e4/} 19.
Rad1 f5 $1 20. exf5 Qc6 $17 21. f3 $8 Qxf3 22. Qxf3 Bxf3 23. fxe6 $1 (23. Rc1
e5 $17) 23... Bxd1 24. Rxd1 Bf6 25. Bc3 (25. Bf4 $2 Bd4+ 26. Rxd4 cxd4 27. Bxd6
Rh6 28. Nc5 Rd8 29. Bf4 Rf6 30. Bg5 Rf5 31. Bxd8 Rxc5 $19) 25... O-O $1 26. Re1
(26. Rxd6 Rad8 27. Rxd8 Bxd8 28. Nxc5 Bb6 29. Bd4 Rd8 30. e7 Re8 $17) 26...
Rae8 27. Nb6 Bxc3 28. bxc3 Rf6 29. e7 Kf7 30. Nd5 Rf5 31. Re4 $6 (31. Rb1 $1)
31... Rb8 $1 32. Re1 (32. Nf4 Re5 $19) 32... Re5 33. Rf1+ Kg7 34. a4 (34. Rf4
Rb1+ 35. Kf2 Rb2+ 36. Kf1 Rxh2 $19) 34... Rb2 35. Nf6 $8 (35. a5 Rg2+ 36. Kh1
Ree2 37. Nf4 Rgf2 $1 38. e8=N+ (38. Rxf2 Re1+) (38. Ne6+ Rxe6 $1) 38... Rxe8 $1
$19) 35... Rxe7 36. Nxg4 Rg2+ 37. Kh1 Rf7 $1 $19 38. Re1 Re2 $1 39. Rd1 Re4 0-1

[Event "Malakoff op 09th"]
[Site "Malakoff"]
[Date "2009.04.13"]
[Round "4"]
[White "Shirazi, Kamran"]
[Black "Okhotnik, Vladimir"]
[Result "1-0"]
[WhiteElo "2404"]
[BlackElo "2451"]
[Annotator "Malakoff/Primel,D"]
[PlyCount "39"]
[EventDate "2009.04.11"]
[EventType "swiss"]
[EventRounds "9"]
[EventCountry "FRA"]
[SourceTitle "EXT 2010"]
[Source "ChessBase"]
[SourceDate "2010.11.25"]
[SourceVersion "1"]
[SourceVersionDate "2010.11.25"]
[SourceQuality "1"]

1. e4 c5 2. Nf3 Nc6 3. Bb5 e6 4. O-O Nge7 5. d4 cxd4 6. Nxd4 Qb6 7. Nxc6 Qxb5 {
une variante assez rare} (7... bxc6 $142 8. Bd3 Ng6 9. Nc3 Be7 10. Na4 Qa5 11.
c4 O-O 12. Bd2 Qc7 13. f4 Ba6 14. Qe2 e5 15. f5 Nf4 16. Bxf4 exf4 17. e5 f6 18.
e6 Bd6 19. exd7 Be5 20. Kh1 Qa5 21. Bc2 Rad8 22. Rad1 Rf7 {Barua,D (2550)
-Galliamova,A (2560)/Tilburg 1992/CBM 032/1-0 (40)}) 8. Nd4 {[%cal Gd4b5]} Qb6
9. b3 $146 ({RR} 9. Nc3 a6 10. Be3 Qd8 11. a4 Nc6 12. Nb3 Bb4 13. Bc5 Bxc5 14.
Nxc5 d6 15. Nb3 O-O 16. a5 Qc7 17. f4 b5 18. axb6 Qxb6+ 19. Kh1 Rd8 20. Rf3 Ne7
21. Rh3 Ng6 22. Qh5 Nf8 23. Rf1 a5 {De las Heras,J (2325)-Sarlo,M/Mar del
Plata 1992/EXT 1998/1-0 (41)}) 9... Nc6 10. Bb2 Nxd4 11. Bxd4 Qc6 12. Re1 $14
d6 13. c4 $14 e5 14. Bb2 Be7 15. Nc3 Be6 16. Nd5 Bxd5 17. exd5 Qb6 18. a4 a5
19. Rc1 Qc5 20. Rc3 $1 {[%csl Rg7][%cal Gc3g3] Suite illisible et gain blanc
au 70ème coup} 1-0

[Event "Primavara"]
[Site "Bucharest"]
[Date "1998.??.??"]
[Round "3"]
[White "Svetushkin, Dmitry"]
[Black "Tomescu, Vlad"]
[Result "1-0"]
[WhiteElo "2415"]
[BlackElo "2415"]
[Annotator "Marin,M"]
[PlyCount "107"]
[EventDate "1998.??.??"]
[EventType "tourn"]
[EventRounds "15"]
[EventCountry "ROU"]
[EventCategory "9"]
[SourceTitle "EXT 1999"]
[Source "ChessBase"]
[SourceDate "1998.11.16"]
[SourceVersion "1"]
[SourceVersionDate "1998.11.16"]
[SourceQuality "1"]

1. e4 c5 2. Nf3 Nc6 3. Bb5 e6 4. O-O Nge7 5. Re1 a6 6. Bf1 d5 7. d3 Ng6 8. h4
dxe4 9. dxe4 Qxd1 10. Rxd1 h5 11. c3 Be7 12. g3 Nge5 13. Nxe5 Nxe5 14. Bf4 Nf3+
15. Kg2 e5 16. Be3 Bg4 17. Nd2 (17. Be2 $2 Nxh4+) 17... Nxd2 18. Rxd2 $14 {><d5
} Rd8 19. Rxd8+ Kxd8 20. Bc4 Be6 21. Bd5 Kc7 (21... Bxd5 22. Rd1 $14) 22. c4
Bxd5 23. cxd5 Kd6 24. f4 f6 25. a4 exf4 26. Bxf4+ Kd7 27. Rc1 Rc8 28. b3 Bd6
29. Kf3 b5 30. axb5 axb5 31. Ra1 c4 32. bxc4 Rxc4 33. Ra6 Bc5 34. Rc6 Rc3+ 35.
Ke2 Bd4 36. Rd6+ Ke7 37. Re6+ Kd7 38. Bd6 Rb3 39. Kd2 b4 40. Bf8 Bc3+ 41. Kc2
Rb2+ 42. Kd3 Rg2 43. Bc5 Be5 44. Re7+ Kc8 45. Kc4 Rxg3 46. Kb5 Rc3 47. Kc6
Rxc5+ 48. Kxc5 b3 49. Kc6 Kd8 50. Rb7 b2 51. d6 Ke8 52. Kd5 Kd8 53. Ke6 Kc8 54.
Rb3 $22 (54. Rb3 g6 55. Ke7 $18) 1-0

[Event "Olomouc Skanska Cup"]
[Site "Olomouc"]
[Date "2004.08.08"]
[Round "5"]
[White "Biolek, Richard"]
[Black "Balabaev, Timur"]
[Result "1-0"]
[WhiteElo "2451"]
[BlackElo "2454"]
[Annotator "Marin,M"]
[PlyCount "93"]
[EventDate "2004.08.04"]
[EventType "tourn"]
[EventRounds "11"]
[EventCountry "CZE"]
[EventCategory "9"]
[SourceTitle "CBM 103"]
[Source "ChessBase"]
[SourceDate "2004.11.11"]
[SourceVersion "1"]
[SourceVersionDate "2004.11.11"]
[SourceQuality "1"]

1. e4 c5 2. Nf3 Nc6 3. Nc3 Nf6 4. Bb5 Qc7 5. O-O Nd4 6. Re1 a6 7. Bf1 Ng4 8. g3
Nxf3+ 9. Qxf3 Ne5 10. Qd1 e6 11. f4 Nc6 12. d3 Be7 13. Bg2 O-O 14. Be3 b6 15.
Qd2 Bb7 16. Ne2 Rad8 17. d4 cxd4 18. Nxd4 Rc8 19. Nxc6 dxc6 20. e5 Rfd8 21. Qf2
c5 22. Rad1 Bxg2 23. Qxg2 Rxd1 24. Rxd1 Rd8 25. Rxd8+ Qxd8 26. Qf3 Qd5 27. Qxd5
exd5 28. f5 Bd8 29. Kf2 Kf8 30. Kf3 Ke8 31. c4 d4 32. Bd2 Kd7 33. Ke4 Kc6 34.
b3 Be7 35. h4 h5 36. Be1 Bd8 37. Bd2 Be7 38. Kf3 Bd8 {White has a considerable
advantage of space on the king side but Black's central pawn guarantees him
some counterplay.} 39. g4 $1 hxg4+ (39... Bxh4 $2 40. gxh5 Be7 (40... f6 $2 41.
Kg4 Bf2 42. exf6 $18) (40... b5 $2 41. f6 gxf6 42. Kg4) 41. Ke4 b5 42. f6 gxf6
43. h6 fxe5 44. Kxe5 Bf8 45. Kf6 Bxh6 46. Bxh6 bxc4 47. bxc4 Kb6 48. Bd2 $1 $18
) 40. Kxg4 g6 $1 (40... Kd7 41. h5 Ke8 42. Kf4 $16) 41. h5 gxh5+ 42. Kxh5 Kd7
43. Kh6 Bc7 $2 {The bishop will be passive here. Hier wird der Läufer passiv
stehen.} (43... Bh4 $1 44. Kg7 Ke7 {and it would be White already who should
look for a way to draw, because the d-pawn is suddenly very strong and the
e5-pawn vulnerable. und es wäre bereits Weiß, der nach einem Weg zum Remis
suchen sollte, da der d-Bauer plötzlich sehr stark ist und der Bauer e5
anfällig.} 45. a4 d3 46. Be3 Bg3 47. Bg5+ Ke8 48. e6 f6 $3 {Avoiding the
apparition of a passed pawn on the f-file. Vermeidet die Entstehung eines
Freibauern in der f-Lnie.} 49. Bd2 (49. Kxf6 Bh4 $1) 49... Bh4 50. Kg6 Bg5) 44.
Kg7 Ke8 (44... Bxe5+ 45. Kxf7 d3 46. f6 {The f-pawn is impossible to stop
under favorable circumstances. Der f-Bauern lässt sich nicht mehr gut
aufhalten.} Bd6 (46... Bd4 47. Kg6 Ke8 48. f7+) (46... b5 47. Kg6 Bd6 48. f7
Bf8 49. Kh7 bxc4 50. bxc4 Ke6 51. Kg8 Ke7 52. Bg5+) 47. Kg8 Ke6 48. f7 Ke5 49.
f8=Q Bxf8 50. Kxf8 Ke4 51. Ke7 Kf3 52. Kd6 Ke2 53. Bg5 d2 54. Bxd2 Kxd2 55. Kc6
$18) 45. Bf4 Bd8 $6 {Makes things easier for White. Macht es Weiß leichter.} (
45... d3 46. e6 $1 (46. f6 $2 Bxe5 $1) 46... f6 $8 47. Bd2 Ke7 48. Kg6 (48. Bc3
Be5 $1) 48... Be5 49. Kh5 $18 {After losing the d-pawn, Black will not be able
to defend his fortress because he would be left with 2 weaknesses on dark
squares (f6 and b6, or, in case of b6-b5, then f6 and c5) Nachdem er den
d-Bauern verloren hat, wird Schwarz seine Festung nicht halten können, da er
mit zwei schwarzfeldrigen Schwächen verbliebe (f6 und b6 oder, im Fall von
b6-b5, f6 und c5)}) (45... Ke7 46. Bg5+ Ke8 47. e6 fxe6 (47... Be5+ 48. f6 fxe6
49. Bf4 $1 $18) 48. f6 Bd6 49. f7+ Kd7 50. f8=Q Bxf8+ 51. Kxf8 e5 52. Kf7 e4
53. Kf6 Kd6 54. Kf5 e3 55. Bf4+ Kc6 56. Ke6 b5 (56... Kb7 57. Kd5 a5 58. a4 Ka7
59. Kc6 Ka6 60. Kc7 Ka7 61. Bg5 Ka6 62. Kb8 $18) 57. Ke7 $18) 46. f6 $18 d3 47.
e6 1-0